Normal view
MARC view
- Pahari language
Entry Topical Term
001 - CONTROL NUMBER
- control field: 134213
003 - CONTROL NUMBER IDENTIFIER
- control field: NUST
005 - DATE AND TIME OF LATEST TRANSACTION
- control field: 20260418110932.0
008 - FIXED-LENGTH DATA ELEMENTS
- fixed length control field: 260418|| aca||aabn | a|a d
040 ## - CATALOGING SOURCE
- Original cataloging agency: NUST
- Transcribing agency: NUST
150 ## - HEADING--TOPICAL TERM
- Topical term or geographic name entry element: Pahari language
670 ## - SOURCE DATA FOUND
- Source citation: Work cat.: (NUST): Satti, Muhammad Sabeer 134212, Pahari Zaban /, 2025.
